| 000 | 00366nam a2200133Ia 4500 | ||
|---|---|---|---|
| 008 | 231017s9999 xx 000 0 und d | ||
| 082 | _a625.73 | ||
| 082 | _bGAS | ||
| 245 | 0 | _aEvaluation of cement treated base courses | |
| 245 | 0 | _cLouisiana transportation research center | |
| 260 | _bLouisiana transportation research center | ||
| 300 | _c30cm | ||
| 942 | _cREP | ||
| 999 |
_c605997 _d605997 |
||